Statistics for Letter N geography

Click here to take the quiz!

General Stats

  • This quiz has been taken 50 times
  • The average score is 15 of 19

Answer Stats

Hint Answer % Correct
Borders South AfricaNamibia
100%
Where the Statue of Liberty isNew York
98%
Half of KoreaNorth Korea
96%
Country in AfricaNiger
96%
Borders Costa RicaNicaragua
96%
Capital of IndiaNew Delhi
96%
Tiny island Country in OceaniaNauru
96%
City in ItalyNaples
96%
Borders China and IndiaNepal
94%
Where Lagos isNigeria
91%
US state with the name of another countryNew Mexico
87%
Country in OceaniaNew Zealand
87%
Where Omaha isNebraska
83%
Country in Europethe Netherlands
83%
Capital of CyprusNicosia
83%
Capital of GreenlandNuuk
57%
City in FranceNantes
51%
Capital of MyanmarNaypyidaw
36%
City in ChinaNanning
11%

Score Distribution

Percentile by Number Answered

Percent of People with Each Score

Your Score History

You have not taken this quiz